The whig interpretation of history
Shranjeno v:
| Glavni avtor: | |
|---|---|
| Format: | Knjiga |
| Jezik: | angleščina |
| Izdano: |
Penguin Books
1973
|
| Teme: | |
| Oznake: |
Označite
Brez oznak, prvi označite!
|
MARC
| LEADER | 00000cam a2200000 a 4500 | ||
|---|---|---|---|
| 001 | UCF0045 | ||
| 003 | CL-VaPUC | ||
| 008 | 120423e19730000UK |||||||||||||||||eng|d | ||
| 082 | 0 | 4 | |a 901 |b BUT |2 21 |
| 100 | 0 | |a Butterfield, Herbert |e author |9 561851 | |
| 245 | 1 | 4 | |a The whig interpretation of history |
| 300 | |a 94 p | ||
| 942 | |c BK | ||
| 945 | |d 20120423 00:00:00 |a dcastane | ||
| 260 | |b Penguin Books |c 1973 | ||
| 650 | 0 | |a Historicismo |9 318908 | |
| 650 | 0 | |a Filosofía de la historia |9 265651 | |
| 583 | |a last modification |c 20120904 04:53:54 |k Rodrigo Vera | ||
| 999 | |c 347551 |d 347549 | ||
| 952 | |0 0 |1 0 |4 0 |6 901_000000000000000_BUT_1973 |7 0 |8 A |9 448973 |a BIBHIS |b BIBHIS |d 2019-11-22 |i 485487K |o 901 BUT 1973 |p 485487K |r 2025-01-20 |w 2019-11-22 |y BK |k HIS | ||